[Event "4NCL Division 2c"]
[Site "Birmingham, ENG"]
[Date "2016.05.02"]
[Round "11.245"]
[White "Dargan, Paul A G"]
[Black "Birtwistle, Nigel"]
[Result "1/2-1/2"]
[WhiteElo "2170"]
[BlackElo "2119"]
[PlyCount "38"]
[EventDate "2016.05.02"]
[WhiteTeam "North East England"]
[BlackTeam "Grantham Sharks 2"]

1. e4 c5 2. c3 g6 3. d4 cxd4 4. cxd4 d5 5. e5 Nc6 6. Nc3 Bg7 7. h3 f6 8. f4 Nh6
9. g4 O-O 10. Bg2 fxe5 11. fxe5 e6 12. Nf3 Qb6 13. O-O Nf7 14. Kh1 Bd7 15. Na4
Qd8 16. Nc5 b6 17. Nxd7 Qxd7 18. Bd2 Rac8 19. Rc1 Qe7 1/2-1/2

[Event "4NCL Division 2c"]
[Site "Birmingham, ENG"]
[Date "2016.05.02"]
[Round "11.246"]
[White "Willis, Rupert"]
[Black "Coathup, Roger H"]
[Result "0-1"]
[WhiteElo "2157"]
[BlackElo "2147"]
[PlyCount "68"]
[EventDate "2016.05.02"]
[WhiteTeam "Grantham Sharks 2"]
[BlackTeam "North East England"]

1. c4 c5 2. g3 g6 3. Bg2 Bg7 4. Nc3 Nc6 5. Nf3 d6 6. O-O e6 7. d3 Nge7 8. Bg5
h6 9. Bd2 b6 10. a3 Bb7 11. Rb1 Qd7 12. b4 Rd8 13. Qc1 g5 14. h4 gxh4 15. Nxh4
Nd4 16. e4 Ng6 17. Qd1 Nxh4 18. gxh4 Qe7 19. h5 Rg8 20. Qg4 Qf6 21. e5 Nf3+ 22.
Kh1 Nxe5 23. Qh3 Bxg2+ 24. Kxg2 Bf8+ 25. Kh1 Qf3+ 26. Qxf3 Nxf3 27. Be3 Bg7 28.
Ne2 Ke7 29. Ng3 f5 30. Kg2 Ne5 31. Rbd1 Ng4 32. Kh3 Be5 33. Ne2 Nxe3 34. fxe3
Rg5 0-1

[Event "4NCL Division 2c"]
[Site "Birmingham, ENG"]
[Date "2016.05.02"]
[Round "11.247"]
[White "Malola, Prasath.T.S"]
[Black "Purton, Ben J"]
[Result "1-0"]
[WhiteElo "2072"]
[BlackElo "2177"]
[PlyCount "83"]
[EventDate "2016.05.02"]
[WhiteTeam "North East England"]
[BlackTeam "Grantham Sharks 2"]

1. Nc3 Nf6 2. e4 d6 3. Nf3 c6 4. d4 Bg4 5. h3 Bxf3 6. Qxf3 e6 7. g4 d5 8. Bg5
Be7 9. e5 Nfd7 10. Bxe7 Qxe7 11. Qe3 a6 12. f4 Qh4+ 13. Qf2 Qxf2+ 14. Kxf2 c5
15. Ne2 Nc6 16. Ke3 Rc8 17. c3 b5 18. Rh2 Na5 19. b3 cxd4+ 20. cxd4 Ke7 21. Rc1
Rxc1 22. Nxc1 Rc8 23. Nd3 Kd8 24. h4 Rc7 25. h5 Nc6 26. Rc2 a5 27. a3 h6 28.
Nc5 b4 29. a4 Ncb8 30. Bb5 Nxc5 31. dxc5 Nc6 32. Rg2 Ke7 33. g5 Kf8 34. Bxc6
Rxc6 35. Kd4 hxg5 36. Rxg5 Kg8 37. f5 Kh7 38. f6 g6 39. hxg6+ fxg6 40. Rg2 Rc7
41. Rh2+ Kg8 42. Rh6 1-0

[Event "4NCL Division 2c"]
[Site "Birmingham, ENG"]
[Date "2016.05.02"]
[Round "11.248"]
[White "Summerscale, Claire E"]
[Black "Moreby, James"]
[Result "0-1"]
[WhiteElo "1890"]
[BlackElo "2008"]
[PlyCount "100"]
[EventDate "2016.05.02"]
[WhiteTeam "Grantham Sharks 2"]
[BlackTeam "North East England"]

1. d4 Nf6 2. Nf3 e6 3. e3 b6 4. Bd3 Bb7 5. c4 Bb4+ 6. Bd2 c5 7. Bxb4 cxb4 8.
Nbd2 O-O 9. O-O Qe7 10. Re1 d6 11. Rc1 e5 12. e4 Nbd7 13. d5 Nc5 14. Nb3 Nxd3
15. Qxd3 Nh5 16. g3 Bc8 17. Nh4 g6 18. Nd2 Ng7 19. a3 bxa3 20. Qxa3 g5 21. Ng2
Bh3 22. b4 Rfc8 23. Nb3 h5 24. Rc3 Rc7 25. Rec1 Rac8 26. Ne3 f5 27. exf5 Nxf5
28. Nxf5 Bxf5 29. c5 dxc5 30. bxc5 bxc5 31. Rxc5 Rxc5 32. Rxc5 Rxc5 33. Nxc5
Be4 34. Qe3 Bxd5 35. Nd3 e4 36. f3 Kf8 37. fxe4 Qxe4 38. Qc5+ Ke8 39. Qc8+ Kf7
40. Qd7+ Kg6 41. Qd6+ Qe6 42. Qxe6+ Bxe6 43. Kf2 Kf5 44. h4 Bc4 45. Nc5 g4 46.
Ke3 Bb5 47. Kd4 Bc6 48. Nd3 a5 49. Kc4 Ke4 50. Nf4 Be8 0-1